[Event "Bremen-ch"]
[Site "Bremen"]
[Date "2019.04.14"]
[Round "3.32"]
[White "Rieger, Felix"]
[Black "Gedecke, Richard"]
[Result "0-1"]
[WhiteElo "1097"]
[BlackElo "1295"]
[PlyCount "84"]
[EventDate "2019.04.13"]
[EventType "swiss"]
[EventRounds "9"]
[EventCountry "GER"]
[SourceTitle "EXT 2020"]
[Source "ChessBase"]
[SourceDate "2019.10.17"]
[SourceVersion "1"]
[SourceVersionDate "2019.10.17"]
[SourceQuality "1"]

1. e4 e5 2. Nf3 d6 3. Bc4 Be7 4. c3 Nf6 5. d3 0-0 6. h3 h6 7. Be3 c6 8. Bb3 Be6 9. Bxe6 fxe6 10. Qb3 Qd7 11. Nbd2 a6 12. d4 exd4 13. cxd4 Nh5 14. d5 exd5 15. exd5 c5 16. Bxc5 Nf4 17. Rg1 Qb5 18. Qxb5 axb5 19. Bd4 Nxd5 20. a3 Bf6 21. Bxf6 Re8+ 22. Be5 dxe5 23. Ne4 Nc6 24. Rd1 Rad8 25. Nc5 b6 26. Ne4 Nd4 27. Nxd4 exd4 28. Rxd4 Nf4 29. Rxd8 Rxd8 30. f3 Nd3+ 31. Ke2 g5 32. Nc3 Nf4+ 33. Ke3 Re8+ 34. Ne4 Nd5+ 35. Kd4 Rd8 36. Ke5 Nf4 37. Nd6 Nd3+ 38. Ke6 Nc5+ 39. Ke7 Rd7+ 40. Kf6 Rxd6+ 41. Ke5 Rd2 42. Rc1 Nd3+ 0-1

[Event "Bremen-ch op"]
[Site "Bremen"]
[Date "2018.03.30"]
[Round "8"]
[White "Gedecke, Richard"]
[Black "Rieger, Felix"]
[Result "1-0"]
[WhiteElo "1278"]
[BlackElo "997"]
[PlyCount "113"]
[EventDate "2018.03.24"]
[EventType "swiss"]
[EventRounds "9"]
[EventCountry "GER"]
[SourceTitle "EXT 2019"]
[Source "ChessBase"]
[SourceDate "2018.10.10"]
[SourceVersion "1"]
[SourceVersionDate "2018.10.10"]
[SourceQuality "1"]

1. d4 Nf6 2. c4 e5 3. dxe5 Ng4 4. Nf3 Nc6 5. Bg5 Be7 6. Bf4 Bb4+ 7. Nbd2 Qe7 8. e3 Bxd2+ 9. Nxd2 d6 10. exd6 cxd6 11. Be2 h5 12. h3 Nf6 13. 0-0 Bf5 14. Qb3 Ne4 15. Nxe4 Bxe4 16. f3 Bf5 17. Kh2 g5 18. Bg3 h4 19. Bf2 Ne5 20. Qc3 Rg8 21. e4 Bd7 22. Bd4 Qf6 23. Kh1 Qf4 24. Be3 Qf6 25. f4 gxf4 26. Rxf4 Qg5 27. Rf2 Qg3 28. Raf1 0-0-0 29. Qd4 Bxh3 30. Rg1 Ng4 31. Bxg4+ Rxg4 32. Qxa7 Bxg2+ 33. Rfxg2 Qf3 34. Qa8+ Kd7 35. Qa4+ Kc8 36. Qd1 Qh3+ 37. Rh2 Rxg1+ 38. Qxg1 Qf3+ 39. Qg2 Qxe3 40. Qh3+ Qxh3 41. Rxh3 Rh8 42. Kg2 Kd7 43. Kf3 Ke6 44. Kf4 Kf6 45. b4 Ke6 46. a4 Rh5 47. a5 Kd7 48. Kg4 Re5 49. Rxh4 Rxe4+ 50. Kg3 Rxh4 51. Kxh4 Kc6 52. b5+ Kc5 53. b6 Kc6 54. Kg5 d5 55. cxd5+ Kxd5 56. a6 bxa6 57. b7 1-0